<The> Ur-Sanskrit / (Record no. 17146)

MARC details
000 -LEADER
fixed length control field 00620nam a22002057a 4500
005 - DATE AND TIME OF LATEST TRANSACTION
control field 20081020172115.0
008 - FIXED-LENGTH DATA ELEMENTS--GENERAL INFORMATION
fixed length control field 081020t xxu||||| |||| 00| 0 eng d
010 ## - LIBRARY OF CONGRESS CONTROL NUMBER
LC control number ENG-84184
020 ## - INTERNATIONAL STANDARD BOOK NUMBER
International Standard Book Number 8175412844
020 ## - INTERNATIONAL STANDARD BOOK NUMBER
Terms of availability 195.00 (hb)
035 ## - SYSTEM CONTROL NUMBER
System control number EN-67717
082 ## - DEWEY DECIMAL CLASSIFICATION NUMBER
Classification number 410
100 ## - MAIN ENTRY--PERSONAL NAME
Personal name Mishra, Madhusudan
245 ## - TITLE STATEMENT
Title <The> Ur-Sanskrit /
Statement of responsibility, etc by Madhusudan Mishra
260 ## - PUBLICATION, DISTRIBUTION, ETC. (IMPRINT)
Place of publication, distribution, etc Delhi
Name of publisher, distributor, etc Shipra Publications
260 ## - PUBLICATION, DISTRIBUTION, ETC. (IMPRINT)
Date of publication, distribution, etc 2006
300 ## - PHYSICAL DESCRIPTION
Extent 67p
Dimensions 22cm
942 ## - ADDED ENTRY ELEMENTS (KOHA)
Source of classification or shelving scheme Dewey Decimal Classification
Koha item type English Books
Classification part 410
Call number suffix MIS
Holdings
Withdrawn status Lost status Source of classification or shelving scheme Damaged status Not for loan Home library Current library Date acquired Cost, normal purchase price Total Checkouts Full call number Barcode Date last seen Cost, replacement price Price effective from Koha item type
    Dewey Decimal Classification   Not For Loan D.B.Act.Division D.B.Act.Division 26/02/2007 195.00   410 MIS EN-67717 21/10/2008 195.00 21/10/2008 English Books

© Delhi Public Library
Hit Counter
free hit counter